Football/Soccer European Champions 2023/24 - Statistics

General Stats
  • This quiz has been taken 62 times
  • The average score is 22 of 53
Answer Stats
Country Winner % Correct
Italy Inter Milan
95%
Spain Real Madrid
95%
Germany Bayer Leverkusen
93%
England Manchester City
93%
Portugal Sporting Lisbon
93%
France Paris Saint Germain
91%
Netherlands PSV Eindhoven
89%
Scotland Celtic Glasgow
86%
Turkey Galatasaray
86%
Switzerland Young Boys Bern
77%
Serbia Red Star Belgrade
75%
Croatia Dinamo Zagreb
72%
Ukraine Shakhtar Donetsk
68%
Czechia Sparta Prague
68%
Israel Maccabi Tel Aviv
65%
Russia Zenit St Petersburg
65%
Cyprus APOEL Nicosia
63%
Belgium Club Brugge
63%
Slovakia Slovan Bratislava
61%
Greece PAOK Thessaloniki
60%
Hungary Ferencvaros Budapest
56%
Austria Sturm Graz
53%
Azerbaijan Qarabag Agdam
49%
Finland HJK Helsinki
44%
Norway FK Bodø/Glimt
42%
Denmark Midtjylland
40%
Romania FCSB Bucharest
37%
Latvia Rigas FS
37%
Gibraltar Lincoln Red Imps
30%
Poland Jagiellonia Bialystok
25%
Wales The New Saints
25%
Slovenia NK Celje
23%
Lithuania Zalgiris Vilnius
21%
Bosnia and Herzegovina Borac Banja Luka
14%
Moldova Petrocub Hincesti
12%
Andorra UE Santa Coloma
12%
Northern Ireland Larne FC
11%
Sweden Malmö FF
11%
Iceland Vikingur Reykjavik
11%
Ireland FC Shelbourne
9%
Bulgaria Ludogorez Razgrad
9%
Albania KF Egnatia
7%
Malta Hibernians FC Paola
5%
Armenia Pjunik Yerevan
5%
Faroe Islands Vikingur Göta
5%
San Marino Virtus Acquaviva
5%
Georgia Dila Gori
4%
Luxembourg FC Differange
4%
Estonia FCI Levadia
4%
Northern Macedonia FC Struga Trim-Lum
4%
Kazakhstan FK Aqtöbe
4%
Montenegro FK Decic Tuzi
4%
Kosovo KF Ballkani Suhareka
4%
No matching quizzes found
Score Distribution
Percent of People with Each Score
Percentile by Number Answered
Your Score History
You have not taken this quiz